Apparel Merchandising (Record no. 7011)
[ view plain ]
| 000 -LEADER | |
|---|---|
| fixed length control field | 00424nam a2200169Ia 4500 |
| 008 - FIXED-LENGTH DATA ELEMENTS--GENERAL INFORMATION | |
| fixed length control field | 230711s9999||||xx |||||||||||||| ||und|| |
| 020 ## - INTERNATIONAL STANDARD BOOK NUMBER | |
| International Standard Book Number | 978-93-85059-32-2 |
| 041 ## - LANGUAGE CODE | |
| Language code of text/sound track or separate title | ENG |
| 082 ## - DEWEY DECIMAL CLASSIFICATION NUMBER | |
| Classification number | 687.0688 |
| Item number | RA-A |
| 100 ## - MAIN ENTRY--PERSONAL NAME | |
| Personal name | Rathinamoorthy,R |
| 245 #0 - TITLE STATEMENT | |
| Title | Apparel Merchandising |
| 250 ## - EDITION STATEMENT | |
| Edition statement | 1st Ed. |
| 260 ## - PUBLICATION, DISTRIBUTION, ETC. | |
| Date of publication, distribution, etc. | 2018 |
| Place of publication, distribution, etc. | New Delhi |
| Name of publisher, distributor, etc. | Woodhead Publishing Pvt Ltd |
| 300 ## - PHYSICAL DESCRIPTION | |
| Extent | 381p. |
| 650 ## - SUBJECT ADDED ENTRY--TOPICAL TERM | |
| Topical term or geographic name entry element | Textile Engineering |
| 942 ## - ADDED ENTRY ELEMENTS (KOHA) | |
| Koha item type | Book |
| Withdrawn status | Lost status | Damaged status | Not for loan | Collection | Home library | Current library | Date acquired | Source of acquisition | Cost, normal purchase price | Inventory number | Total checkouts | Full call number | Barcode | Date last seen | Date last checked out | Price effective from | Koha item type |
|---|---|---|---|---|---|---|---|---|---|---|---|---|---|---|---|---|---|
| MRSPTU Central Library | MRSPTU Central Library | Technical Bureau India PVT.LTD | 3695.00 | TB47844713 | 8 | 687.0688 RA-A | 41382 | 12/19/2025 | 11/28/2025 | 08/17/2023 | Book | ||||||
| MRSPTU Central Library | MRSPTU Central Library | Technical Bureau India PVT.LTD | 3695.00 | TB47844713 | 6 | 687.0688 RA-A | 41383 | 10/06/2025 | 09/11/2025 | 08/17/2023 | Book | ||||||
| MRSPTU Central Library | MRSPTU Central Library | Technical Bureau India PVT.LTD | 3695.00 | TB47844713 | 12 | 687.0688 RA-A | 41384 | 12/09/2025 | 11/21/2025 | 08/17/2023 | Book | ||||||
| MRSPTU Central Library | MRSPTU Central Library | Technical Bureau India PVT.LTD | 3695.00 | TB47844713 | 5 | 687.0688 RA-A | 41385 | 09/30/2025 | 09/08/2025 | 08/17/2023 | Book | ||||||
| MRSPTU Central Library | MRSPTU Central Library | Technical Bureau India PVT.LTD | 3695.00 | TB47844713 | 11 | 687.0688 RA-A | 41386 | 12/09/2025 | 11/21/2025 | 08/17/2023 | Book |
